El voto femenino en Nicaragua: una historia oculta /
A través de este artículo se reconstruyen algunos aspectos relevantes sobre la conquista del voto femenino en Nicaragua. Desde inicios del siglo XX, las primeras feministas nicaragüenses alzaron su voz y su pluma para reclamar sus derechos civiles y políticos, entre ellos el derecho al voto. La figu...
Furkejuvvon:
| Váldodahkki: | |
|---|---|
| Materiálatiipa: | Texto |
| Fáttát: | |
| Fáddágilkorat: |
Lasit fáddágilkoriid
Eai fáddágilkorat, Lasit vuosttaš fáddágilkora!
|
MARC
| LEADER | 00000 a a2200000 04500 | ||
|---|---|---|---|
| 001 | 46067 | ||
| 003 | |||
| 040 | |||
| 100 | |a Montenegro Z., Rosario | ||
| 245 | |a El voto femenino en Nicaragua: |b una historia oculta / |c Rosario Montenegro Z. | ||
| 520 | |a A través de este artículo se reconstruyen algunos aspectos relevantes sobre la conquista del voto femenino en Nicaragua. Desde inicios del siglo XX, las primeras feministas nicaragüenses alzaron su voz y su pluma para reclamar sus derechos civiles y políticos, entre ellos el derecho al voto. La figura central de este movimiento fue la profesora Josefa Toledo de Aguerri, quien también reclamaba derechos patrimoniales, laborales y educación para las mujeres. Con este artículo se pretende visibilizar un hecho que durante sus 57 años de existencia ha permanecido oculto. | ||
| 590 | |a AMB/DICIEMBRE2014 | ||
| 650 | |a A) MUJERES | ||
| 650 | |a B) FEMINISMO | ||
| 650 | |a C) PARTICIPACION POLITICA | ||
| 650 | |a D) DERECHOS CIVILES | ||
| 650 | |a E) NICARAGUA | ||
| 773 | |g volumen44, número91 ( , 2012), páginas 91-115 | ||
| 999 | |c 37325 |d 37325 | ||
